Countries of Africa with more than one Word - Statistics

General Stats
  • This quiz has been taken 241 times
  • The average score is 10 of 12
Answer Stats
Country % Correct
South Africa
100%
Democratic Republic of the Congo
96%
South Sudan
93%
Republic of the Congo
88%
Cape Verde
84%
Central African Republic
84%
Equatorial Guinea
79%
Guinea Bissau
77%
Ivory Coast
77%
Burkina Faso
75%
Sao Tome and Principe
75%
Sierra Leone
73%
No matching quizzes found
Score Distribution
Percent of People with Each Score
Percentile by Number Answered
Your Score History
You have not taken this quiz